00254nam a2200085Ia 4500008004100000100002300041245005300064260004200117260000900159170620s9999 xx 000 0 und d aPrabhakaram- K. S. 0aConcept Attainment Model in Mathematics Teaching bNew Delhi- Discovery Publishing House c2003